guess all the txt songs (2022) - Statistics

General Stats
  • This quiz has been taken 778 times
  • The average score is 29 of 39
Answer Stats
Answer % Correct
Blue Hour
95%
Good Boy Gone Bad
94%
LO$ER=LO♡ER
90%
0X1=LOVESONG (I Know I Love You) feat. Seori
86%
Magic
85%
Crown
83%
Opening Sequence
83%
Can't You See Me?
82%
Lonely Boy (The tattoo on my ring finger)
82%
9 and Three Quarters (Run Away)
80%
Cat & Dog
80%
PUMA
79%
Frost
78%
Anti-Romantic
76%
Ghosting
76%
Eternally
75%
Ice Cream
75%
Thursday's Child Has Far To Go
75%
We Lost The Summer
75%
Fairy of Shampoo
74%
No Rules
74%
Trust Fund Baby
73%
Wishlist
73%
Dear Sputnik
72%
MOA Diary (Dubaddu Wari Wari)
71%
New Rules
71%
20cm
70%
Drama
70%
Our Summer
70%
Blue Orangeade
68%
Maze in the Mirror
67%
Angel or Devil
66%
Nap of a Star
65%
Way Home
65%
What if I had been that PUMA
65%
Poppin’ Star
64%
Roller Coaster
64%
Magic Island
61%
Can't We Just Leave The Monster Alive?
58%
No matching quizzes found
Score Distribution
Percent of People with Each Score
Percentile by Number Answered
Your Score History
You have not taken this quiz